Vista normal
Vista MARC
Entrada Nombre corporativo
Número de registros utilizados en: 6
001 - NÚMERO DE CONTROL
- Campo de control: 3041
003 - IDENTIFICADOR DE NÚMERO DE CONTROL
- Campo de control: ES-MaCES
005 - FECHA Y HORA DE LA ULTIMA MODIFICACION
- Campo de control: 20040427110300.0
008 - ELEMENTOS DE DATOS DE LONGITUD FIJA
- Campo de longitud fija: 040427 | azznnaabn |n ana d
035 ## - NÚMERO DE CONTROL DEL SISTEMA
- Número de control del sistema: CES20040001359e
040 ## - FUENTE DE LA CATALOGACIÓN
- Agencia original de catalogación: ES-MaCES
- Idioma de catalogación: spa
- Agencia de transcripción: ES-MaCES
110 1# - ENCABEZAMIENTO--NOMBRE CORPORATIVO
- Nombre corporativo o de jurisdicción como elemento de entrada: España
- Título de una obra: Ley de reforma del marco normativo de la prevención de riesgos laborales
- Lugar de reunión o firma del tratado: 2003
670 ## - FUENTE DE DATOS ENCONTRADOS
- Fuente de citación: BOE de 13 de diciembre de 2003
901 ## - CES. DATOS SIRTEX
- ID Sirtex (N5N8): 0001800006028
- 005BIS Sirtex: 200404271103ITORREIR

